000
00322nam a2200133Ia 4500
005
20260328101444.0
008
260328s9999||||xx |||||||||||||| ||und||
100
_a
Kepes, Gyorgy
245
0
_a
Arts of the environment /
_c
Gyorgy Kepes
260
_b
George Brazilier
300
_a
244 p.
650
_a
URBANISMO
942
_c
BK
999
_c
8381
_d
8381